Loading...

La Debacle /

Bibliographic Details
Other Authors: Emile Zola
Format: Printed Book
Language:English
Published: New York: OUP, 2000.
Subjects:
LEADER 00573cam a2200193ua 4500
008 060815t2000||||||||||| 00 ||eng c
020 |a 0-19-282289-6 
041 0 |a eng 
082 |a 843.8  |b ZOL/L 
245 0 0 |a La Debacle /  
260 |a New York:  |b  OUP,  |c 2000. 
300 |a xxxix,536p.. 
362 1 |a 2000. 
365 |a RS.375.00  |e pb 
650 0 |a French Literature 
700 0 2 |a Emile Zola,  
942 |c BK 
999 |c 4517  |d 4517 
952 |0 0  |1 0  |4 0  |6 843_800000000000000_ZOL  |7 0  |9 4739  |a KUCL  |b KUCL  |d 2014-05-23  |l 1  |o 843.8 ZOL/  |p 07788  |q 2020-11-27  |r 2020-10-27  |s 2020-10-27  |w 2014-05-23  |y BK